Germany A-Z - Statistics

General Stats
  • This quiz has been taken 62,783 times
    51,540 since last reset
  • The average score is 20 of 26
Answer Stats
Clue Answer % Correct
D German name for Germany Deutschland
96%
A German highway system Autobahn
94%
O Bavarian fall festival Oktoberfest
94%
F Financial capital of Germany Frankfurt
93%
V Largest car company Volkswagen
93%
I "___ bin ein Berliner" Ich
90%
C City also known as Köln Cologne
89%
M Where BMW is headquartered Munich
89%
R River on Germany's western border Rhine
89%
L Largest airline Lufthansa
83%
K Title of Wilhelm II Kaiser
82%
T Largest source country of Germany's foreign-born population Turkey
82%
Q Type of physics studied by Max Planck Quantum
81%
W German for sausage Wurst
81%
P Most powerful Germanic nation, formerly Prussia
79%
X What Röntgen discovered X-rays
74%
S Fermented cabbage Sauerkraut
73%
B Capital prior to reunification Bonn
72%
G Something to say to a sneezer Gesundheit
68%
N Species of hominid first discovered in Germany Neanderthal
67%
J Peninsula of northern Germany and Denmark Jutland
61%
U Heidelberg is the oldest one of these in Germany Universities
58%
H Allowed beer ingredient Hops
56%
E Germany had this kind of "miracle" after WWII Economic
51%
Y Winter holiday for ancient Germans Yule
47%
Z Highest mountain Zugspitze
31%
No matching quizzes found
Score Distribution
Percent of People with Each Score
Percentile by Number Answered
Your Score History
You have not taken this quiz since the last reset